00355nam a2200145Ia 4500003000400000005001700004008004000021040001000061041001200071082001500083100003200098245002700130260004400157300000800201OSt20220509152150.0210210b1979 xxu||||| |||| 00| 0 eng d aALc  aEnglish a651.7 PRAB aPRADHAN (Homai) and others. aBusiness communication aBombaybHimalaya Publishing Housec1979 a459